80486 system architecture (Record no. 51869)

MARC details
000 -LEADER
fixed length control field 00885nam a2200325Ia 4500
003 - CONTROL NUMBER IDENTIFIER
control field OSt
005 - DATE AND TIME OF LATEST TRANSACTION
control field 20220912150642.0
008 - FIXED-LENGTH DATA ELEMENTS--GENERAL INFORMATION
fixed length control field 220909b |||||||| |||| 00| 0 eng d
020 ## - INTERNATIONAL STANDARD BOOK NUMBER
International Standard Book Number 0201409941 (pbk)
037 ## - SOURCE OF ACQUISITION
Terms of availability Textual
040 ## - CATALOGING SOURCE
Original cataloging agency CSL
Language of cataloging eng
Transcribing agency CSL
041 ## - LANGUAGE CODE
Language code of text/sound track or separate title eng
100 ## - MAIN ENTRY--PERSONAL NAME
Personal name Shanley Tom
110 ## - MAIN ENTRY--CORPORATE NAME
Corporate name or jurisdiction name as entry element MindShare,Inc
245 #0 - TITLE STATEMENT
Title 80486 system architecture
250 ## - EDITION STATEMENT
Edition statement 3
260 ## - PUBLICATION, DISTRIBUTION, ETC.
Place of publication, distribution, etc. Reading, Massachusetts
Name of publisher, distributor, etc. Addison-Wesley Publishing Company
Date of publication, distribution, etc. 1995
300 ## - PHYSICAL DESCRIPTION
Extent xiii,188p
490 ## - SERIES STATEMENT
Series statement PC system architecture series
500 ## - GENERAL NOTE
General note Glossary 165-179p; Index 183-188p
650 ## - SUBJECT ADDED ENTRY--TOPICAL TERM
Topical term or geographic name entry element System architecture
650 ## - SUBJECT ADDED ENTRY--TOPICAL TERM
Topical term or geographic name entry element Computer Science
942 ## - ADDED ENTRY ELEMENTS (KOHA)
Classification part D65,8(B):41, N5
Koha item type Textual
Source of classification or shelving scheme Colon Classification (CC)
Holdings
Withdrawn status Lost status Damaged status Not for loan Home library Current library Date acquired Source of acquisition Total Checkouts Full call number Barcode Date last seen Price effective from Koha item type
        Central Science Library Central Science Library 2022-09-12 Narosa,   D65,8(B):41 N5 SL1173190 2022-09-12 2022-09-12 Textual
Copyright @ Delhi University Library System